Statistiques concernant Les groupes de rap français

Cliquez ici pour prendre le quiz!

Statistiques générales

  • Ce quiz a été pris 49 fois
  • Le résultat moyen est 30 sur 100

Statistiques - réponses

GroupeMembres% Correct
Sexion d'AssautGims
91%
Sexion d'AssautBlack M
89%
Casseurs FlowtersOrelsan
83%
PNLAdemo
80%
LunaticBooba
80%
NTMJoey starr
78%
S-CrewNekfeu
78%
Casseurs FlowtersGringe
76%
PNLN.O.S
76%
Psy4 de la rimeSoprano
76%
IAMAkhenaton
74%
4keusTiakola
74%
Team BSLa Fouine
70%
113Rim'k
70%
TSR CrewHugo TSR
65%
Sexion d'AssautLefa
65%
LunaticAli
63%
NTMKool Shen
63%
SNIPERTunisiano
59%
Sexion d'AssautMaska
57%
Psy4 de la rimeAlonzo
54%
Panama BendePLK
54%
13 BlockZed
54%
PSO ThugLeto
52%
113Mokobé
46%
13 BlockStavo
46%
SNIPERAketo
41%
ArsenikLino
41%
IAMShurik'n
41%
Team BSSindy
41%
SNIPERBlacko
39%
Team BSFababy
37%
Fonky FamilyLe rat luciano
35%
Sexion d'AssautBarack adama
33%
Sexion d'AssautJr O Crom
30%
Panama BendeLesram
30%
S-Crew2zer
28%
S-CrewMekra
28%
Team BSSultan
28%
113AP
26%
S-CrewFramal
26%
Ministère A.M.E.R.Passi
26%
4keusHK
24%
Ideal JKery James
24%
13 BlockOldPee
24%
Ministère A.M.E.R.Stomy Bugsy
24%
Psy4 de la rimeVincenzo
24%
PSO ThugAero
22%
Panama BendeAladin 135
22%
4keusBné
22%
ArsenikCalbo
22%
Les sages poètes de la rueDany Dan
22%
Fonky Family
Don Choa
22%
Sexion d'AssautDoomams
22%
13 BlockZefor
22%
Scred ConnexionHaroun
20%
Panama BendeZeu
20%
4keusDjeffi
17%
Nèg' MarronsJacky Brown
17%
Panama BendeOrmaz
17%
Unité 2 feuAlkpote
15%
Les X (X-men)Ill
15%
Les sages poètes de la rueMelopheelo
13%
Les sages poètes de la rueZoxea
13%
Nèg' MarronsBen J
11%
NysayEx's
11%
Scred ConnexionMokless
11%
AssassinRockin S'quat
11%
NysaySalif
11%
Panama BendeASSAF
9%
Panama BendeElyo
9%
Scred ConnexionFabe
9%
Unité 2 feuKatana
9%
TSR CrewKayzo
9%
Fonky FamilyMenzo
9%
TSR CrewNéro
9%
TSR CrewOmry
9%
Fonky FamilySat l'artificier
9%
TSR CrewVin7
9%
Les X (X-men)Cassidy
7%
Klub des loosersFuzati
7%
Les X (X-men)Hifi
7%
SerumAlcide H
4%
SerumDany Boss
4%
La RumeurEkoue
4%
Ghetto PhénomèneHouari
4%
Scred ConnexionKoma
4%
La CautionNikkfurie
4%
Ideal JTeddy Corona
4%
3ème OeilBoss One
2%
Ghetto PhénomèneFriz
2%
La RumeurHamé
2%
La CautionHi-Tekk
2%
3ème OeilJo Popo
2%
Expression DirektKertra
2%
La RumeurLe Bavar
2%
Ideal JSelim du 9.4
2%
AssassinSolo
2%
Ghetto PhénomèneVeazy
2%
Expression DirektWeedy
2%

Distribution des résultats

Percentile par nombre de réponses

% des personnes avec chaque résultat

Votre développement - résultats

Vous n’avez pas pris ce quiz